000 00649nam a2200229Ia 4500
003 OSt
005 20220918212920.0
006 a|||||r|||| 00| 0
007 ta
008 220917b |||||||| |||| 00| 0 eng d
024 _a130,716
037 _cTextual
040 _aARTS
_cARTS
_beng
041 _2eng
_aeng
082 _aX:3M28xM18, N5
100 _aKemple Thomas M
_9125139
245 0 _aReading Marx writing
_b melodrama the market and the grundrisse
260 _aCalifornia
_bStandford Unvi Press
_c1995
650 _aECONOMICS
942 _hX:3M28xM18, N5
_cTEXL
_2CC
999 _c253839
_d253839